Cơ Học Kết Cấu

Nội dụng sách gồm 5 chương Chương 1. Cấu tạo hệ phẳng Chương 2. Tính toán hệ tĩnh định Chương 3. Chuyển vị hệ thanh Chương 4. Tính toán hệ siêu tĩnh bằng phương pháp lực Chương 5. Tính toán hệ siêu tĩnh bằng phương pháp chuyển vị và hô...

Volledige beschrijving

Bewaard in:
Bibliografische gegevens
Hoofdauteur: Lê Trung Cương
Formaat: Boek
Taal:Vietnamese
Gepubliceerd in: H. Xây dựng 2011
Editie:Tái bản
Onderwerpen:
Tags: Voeg label toe
Geen labels, Wees de eerste die dit record labelt!
Thư viện lưu trữ: Thư viện Trường Đại học Nam Cần Thơ
LEADER 01336nam a22002297a 4500
001 NCT_36378
008 180523b xxu||||| |||| 00| 0 vie d
999 |c 1755  |d 1755 
020 |c 49000 
082 0 4 |2 23rd ed.  |a 624.171  |b C561 
100 1 |a Lê Trung Cương 
245 1 0 |a Cơ Học Kết Cấu  |c Lê Trung Cương 
250 |a Tái bản 
260 |a H.  |b Xây dựng  |c 2011 
300 |a 145 tr.  |b Minh họa  |c 27cm 
500 |a Bộ Xây Dựng. Trường Cao đẳng xây dựng số 2 
520 3 |a Nội dụng sách gồm 5 chương Chương 1. Cấu tạo hệ phẳng Chương 2. Tính toán hệ tĩnh định Chương 3. Chuyển vị hệ thanh Chương 4. Tính toán hệ siêu tĩnh bằng phương pháp lực Chương 5. Tính toán hệ siêu tĩnh bằng phương pháp chuyển vị và hỗn hợp  
653 |a Kỹ thuật công trình xây dựng 
942 |2 ddc  |c BK 
952 |0 0  |1 0  |2 ddc  |4 0  |6 624_171000000000000_C561  |7 0  |9 8642  |a 000001  |b 000001  |d 2018-05-23  |o 624.171 C561  |p MD.11116  |r 2018-05-23  |w 2018-05-23  |y BK 
952 |0 0  |1 0  |2 ddc  |4 0  |6 624_171000000000000_C561  |7 0  |9 8643  |a 000001  |b 000001  |d 2018-05-23  |o 624.171 C561  |p MD.11117  |r 2018-05-23  |w 2018-05-23  |y BK 
980 |a Thư viện Trường Đại học Nam Cần Thơ